Window systems for high-performance buildings / (Record no. 11988)
[ view plain ]
| 000 -LEADER | |
|---|---|
| fixed length control field | 01117cam a22002894a 4500 |
| 001 - CONTROL NUMBER | |
| control field | 13248358 |
| 003 - CONTROL NUMBER IDENTIFIER | |
| control field | EG-ScBUE |
| 005 - DATE AND TIME OF LATEST TRANSACTION | |
| control field | 20221207113810.0 |
| 008 - FIXED-LENGTH DATA ELEMENTS--GENERAL INFORMATION | |
| fixed length control field | 030623t2004 nyua f b 001 0 eng d |
| 020 ## - INTERNATIONAL STANDARD BOOK NUMBER | |
| International Standard Book Number | 0393731219 |
| 020 ## - INTERNATIONAL STANDARD BOOK NUMBER | |
| International Standard Book Number | 9780393731217 |
| 040 ## - CATALOGING SOURCE | |
| Original cataloging agency | DLC |
| Language of cataloging | eng |
| Description conventions | rda |
| Transcribing agency | DLC |
| Modifying agency | DLC |
| -- | EG-ScBUE |
| 082 04 - DEWEY DECIMAL CLASSIFICATION NUMBER | |
| Classification number | 725.2 |
| Edition number | 22 |
| Item number | WIN |
| 245 00 - TITLE STATEMENT | |
| Title | Window systems for high-performance buildings / |
| Statement of responsibility, etc | John Carmody, [and four others] ; additional contributors, Carl Wagus [and six others] |
| 264 #1 - PUBLICATION, DISTRIBUTION, ETC. (IMPRINT) | |
| Place of publication, distribution, etc | New York ; |
| -- | London : |
| Name of publisher, distributor, etc | W.W. Norton and Company, |
| Date of publication, distribution, etc | [2004] |
| 264 #4 - PUBLICATION, DISTRIBUTION, ETC. (IMPRINT) | |
| Date of publication, distribution, etc | c2004 |
| 300 ## - PHYSICAL DESCRIPTION | |
| Extent | 400 pages : |
| Other physical details | illustrations (some color) ; |
| Dimensions | 29 cm |
| 504 ## - BIBLIOGRAPHY, ETC. NOTE | |
| Bibliography, etc | Includes bibliographical references and index. |
| 650 #7 - SUBJECT ADDED ENTRY--TOPICAL TERM | |
| Topical term or geographic name as entry element | Windows. |
| Source of heading or term | BUEsh |
| 9 (RLIN) | 6771 |
| 650 #7 - SUBJECT ADDED ENTRY--TOPICAL TERM | |
| Topical term or geographic name as entry element | Commercial buildings |
| Form subdivision | Equipment and supplies. |
| Source of heading or term | BUEsh |
| 9 (RLIN) | 6772 |
| 653 ## - INDEX TERM--UNCONTROLLED | |
| Resource For college | Engineering, Architecture |
| 655 ## - INDEX TERM--GENRE/FORM | |
| Form subdivision | Reading book |
| 700 1# - ADDED ENTRY--PERSONAL NAME | |
| Personal name | Carmody, John, |
| Relator term | author. |
| 9 (RLIN) | 6773 |
| 700 1# - ADDED ENTRY--PERSONAL NAME | |
| Personal name | Wagus, Carl R., |
| Dates associated with a name | 1945- |
| Relator term | contributor. |
| 942 ## - ADDED ENTRY ELEMENTS (KOHA) | |
| Source of classification or shelving scheme | Dewey Decimal Classification |
| Koha item type | Book - Borrowing |
| Withdrawn status | Lost status | Source of classification or shelving scheme | Damaged status | Not for loan | Collection code | Home library | Current library | Shelving location | Date acquired | Source of acquisition | Cost, normal purchase price | Total Checkouts | Total Renewals | Full call number | Barcode | Date last seen | Date checked out | Price effective from | Koha item type |
|---|---|---|---|---|---|---|---|---|---|---|---|---|---|---|---|---|---|---|---|
| Dewey Decimal Classification | Alef-Baa | Central Library | Central Library | Second Floor | 23/06/2009 | 150.00 | 2 | 3 | 725.2 WIN | 000017007 | 15/07/2025 | 02/11/2016 | 23/06/2009 | Book - Borrowing |